The Recreation management handbook.

Bibliographic Details
Previous Title:Recreation management yearbook
Corporate Author: Institute of Recreation Management (Great Britain)
Format: Serial
Language:English
Published: London : E. & F. N. Spon, [1981-]
Subjects:
Online Availability: Check for online availability

MARC

Tag First Indicator Second Indicator Subfields
LEADER 00000cas a2200000 a 4500
001 in00000070914
005 20151008061951.0
008 810828c19819999enk x r 0uuua0eng d
022 |y 0144-624x 
035 |a (OCoLC)07712541 
035 |9 AAJ9232AM 
040 |a TXH  |c TXH  |d TXA  |d UtOrBLW 
043 |a e-uk--- 
049 |a TXAE 
090 |a GV75  |b .R4 
245 0 4 |a The Recreation management handbook. 
264 1 |a London :  |b E. & F. N. Spon,  |c [1981-] 
300 |a volumes ;  |c 24 cm. 
310 |a Irregular 
336 |a text  |b txt  |2 rdacontent 
337 |a unmediated  |b n  |2 rdamedia 
338 |a volume  |b nc  |2 rdacarrier 
362 0 |a 1981- 
500 |a Edited by the Institute of Recreation Management. 
650 0 |a Recreation  |z Great Britain  |x Directories. 
650 0 |a Leisure  |z Great Britain  |x Directories. 
710 2 |a Institute of Recreation Management (Great Britain) 
780 0 0 |a Recreation management yearbook  |w (OCoLC) 1795873 
999 |a MARS 
999 f f |s 6c028f12-be9f-3926-9d6a-77a4ff3b1438  |i 982a9003-048a-3ea7-a70c-81b1df784e4e  |t 0 
952 f f |p ric  |a Texas A&M University  |b Rellis Campus  |c Joint Library Facility  |d Remote Storage  |t 0  |e GV75 .R4  |h Library of Congress classification  |i unmediated -- volume  |l 1981  |m A14806479830 
998 f f |a GV75 .R4  |s 1981  |t 0  |l Remote Storage